000 00943nam a2200265 c 4500
999 _c185112
_d185112
003 BLK
005 20221129164645.0
008 180411b bul|||||r ||||||| ||bul||
010 _aKNG00194098000
040 _aBLK
041 _aBUL
_cBUL
080 _aБългарска литература
_b821.163.2
_x-4
_z821.163.2-4
100 1 _aДонков, Калин Георгиев
_eпърви автор
_9382770
139 _aДонков, Калин Георгиев
_bД 77
245 1 0 _aЧастен случай
_bПублицистика
_cКалин Георгиев Донков.
257 _aBGR
260 _bНар. младеж
_c1979
_fВ. Търново : Д. Найденов
_aСофия
300 _a207 с.
_c21 см
380 _aX
852 _aЦб 99389
856 4 _qpdf
_i0.00
_ldisable
856 4 _qpdf
_i0.00
_ldisable
942 _cKNG
_n0
_s1
944 _aCR
_c20.10.2016
_kХристина_Везирева
944 _aED
_c20.10.2016
_kХристина_Везирева
999 _d185112